000
00296nam a2200097Ia 4500
005
20250424112833.0
008
250424s9999 xx 000 0 und d
300
_a
viii, 50 p. :ill. ; 23 cm.
650
_a
Banks and banking. Banks and banking--History. Bank failures. Financial crises.
942
_c
SR
999
_c
37422
_d
37422